000
00331 a2200133 4500
020
_a
9788499511702
020
_a
8499511708
041
_a
spa
100
_a
Disney
245
_a
La bella y la bestia : un dà• en el castillo : los verbos = verbs
260
_a
Madrid : Libros Disney, 2011.
300
_a
10 p. : il.
942
_c
BK
999
_c
20486
_d
20486